Cuento de navidad / (Registro nro. 7252)

Detalles MARC
000 -LEADER
fixed length control field 00842nam a2200277 a 4500
001 - CONTROL NUMBER
control field 000037588
003 - CONTROL NUMBER IDENTIFIER
control field DO-SdBNP
005 - DATE AND TIME OF LATEST TRANSACTION
control field 20180320094256.0
007 - PHYSICAL DESCRIPTION FIXED FIELD--GENERAL INFORMATION
fixed length control field 000037588
008 - FIXED-LENGTH DATA ELEMENTS--GENERAL INFORMATION
fixed length control field 110113s 2006 dr a 100 j spa d
020 ## - INTERNATIONAL STANDARD BOOK NUMBER
International Standard Book Number 99458406469
020 ## - INTERNATIONAL STANDARD BOOK NUMBER
International Standard Book Number 9945406477
040 ## - CATALOGING SOURCE
Original cataloging agency BPMSU
Language of cataloging spa
Transcribing agency BPMSU
082 04 - DEWEY DECIMAL CLASSIFICATION NUMBER
Classification number RD863.44
Item number B742c, 2006
100 1# - MAIN ENTRY--PERSONAL NAME
Personal name Bosch, Juan,
Dates associated with a name 1909-2001
245 10 - TITLE STATEMENT
Title Cuento de navidad /
Statement of responsibility, etc. Juan Bosch ; introducción Marianne de Tolentino.
260 ## - PUBLICATION, DISTRIBUTION, ETC. (IMPRINT)
Place of publication, distribution, etc. Santo Domingo :
Name of publisher, distributor, etc. Fundación Juan Bosch,
Date of publication, distribution, etc. 2006.
300 ## - PHYSICAL DESCRIPTION
Extent 131 p. :
Other physical details il. ;
Dimensions 26 cm.
650 #4 - SUBJECT ADDED ENTRY--TOPICAL TERM
Topical term or geographic name as entry element CUENTOS DOMINICANOS
650 #4 - SUBJECT ADDED ENTRY--TOPICAL TERM
Topical term or geographic name as entry element LITERATURA DOMINICANA
700 1# - ADDED ENTRY--PERSONAL NAME
Personal name Tolrntino, Marianne de
910 ## - USER-OPTION DATA (OCLC)
User-option data Validado. Control de calidad MFF
942 ## - ADDED ENTRY ELEMENTS (KOHA)
Source of classification or shelving scheme Dewey Decimal Classification
Koha item type Libros
945 ## - LOCAL PROCESSING INFORMATION (OCLC)
a Inventariado infantil / 2017 VM
956 ## - LOCAL ELECTRONIC LOCATION AND ACCESS (OCLC)
Host name VMATEO
Access number 10
Compression information 20150922
Logon BPMSU
Processor of request 0069
Existencias
Withdrawn status Lost status Source of classification or shelving scheme Damaged status Not for loan Collection code Home library Current library Date acquired Total Checkouts Full call number Barcode Date last seen Price effective from Koha item type Copy number
    Dewey Decimal Classification     Colección Infantil Dominicana Biblioteca Pública Metropolitana Salomé Ureña Biblioteca Pública Metropolitana Salomé Ureña 01/28/2015   RD863.44 B742c 2006 BPMSU15040816 01/28/2015 01/28/2015 Libros  
    Dewey Decimal Classification     Colección Infantil Dominicana Biblioteca Pública Metropolitana Salomé Ureña Biblioteca Pública Metropolitana Salomé Ureña 02/02/2015   RD863.44 B742c 2006 BPMSU15040817 02/02/2015 02/02/2015 Libros e. 2
    Dewey Decimal Classification     Colección Infantil Dominicana Biblioteca Pública Metropolitana Salomé Ureña Biblioteca Pública Metropolitana Salomé Ureña 02/02/2015   RD863.44 B742c 2006 BPMSU15040818 02/02/2015 02/02/2015 Libros e. 3